Wen ji. (Record no. 1801)
[ view plain ]
| 000 -LEADER | |
|---|---|
| fixed length control field | 01463cas a2200433 4500 |
| 001 - CONTROL NUMBER | |
| control field | data |
| 005 - DATE AND TIME OF LATEST TRANSACTION | |
| control field | 20260322212118.0 |
| 008 - FIXED-LENGTH DATA ELEMENTS--GENERAL INFORMATION | |
| fixed length control field | data |
| 035 ## - SYSTEM CONTROL NUMBER | |
| System control number | 11184856 |
| 010 ## - LIBRARY OF CONGRESS CONTROL NUMBER | |
| LC control number | 74897387 |
| 035 ## - SYSTEM CONTROL NUMBER | |
| System control number | (OCoLC)1797543 |
| 040 ## - CATALOGING SOURCE | |
| Original cataloging agency | DLC |
| Language of cataloging | eng |
| Transcribing agency | DLC |
| Modifying agency | OCLCQ |
| -- | DLC |
| -- | OCLCQ |
| -- | WAU |
| -- | OCLCO |
| -- | OCLCQ |
| -- | OCLCF |
| -- | OCLCQ |
| 042 ## - AUTHENTICATION CODE | |
| Authentication code | pcc |
| 050 00 - LIBRARY OF CONGRESS CALL NUMBER | |
| Classification number | PN9 |
| Item number | .W42 |
| 066 ## - CHARACTER SETS PRESENT | |
| Alternate G0 or G1 character set | $1 |
| 245 00 - TITLE STATEMENT | |
| Linkage | 880-01 |
| Title | Wen ji. |
| 246 13 - VARYING FORM OF TITLE | |
| Title proper/short title | Literature quarterly |
| Date or sequential designation | Aug. 1973- |
| 260 ## - PUBLICATION, DISTRIBUTION, ETC. | |
| Linkage | 880-02 |
| Place of publication, distribution, etc. | Taibei, |
| Name of publisher, distributor, etc. | Huan yu chu ban she zong jing xiao] |
| 300 ## - PHYSICAL DESCRIPTION | |
| Dimensions | 21 cm |
| 336 ## - CONTENT TYPE | |
| Content type term | text |
| Content type code | txt |
| Source | rdacontent |
| 337 ## - MEDIA TYPE | |
| Media type term | unmediated |
| Media type code | n |
| Source | rdamedia |
| 362 0# - DATES OF PUBLICATION AND/OR SEQUENTIAL DESIGNATION | |
| Linkage | 880-03 |
| Dates of publication and/or sequential designation | di 1- qi; minguo 62 nian 8 yue- [1973- |
| 590 ## - LOCAL NOTE (RLIN) | |
| Local note | SERBIB/SERLOC merged record |
| 650 #0 - SUBJECT ADDED ENTRY--TOPICAL TERM | |
| Topical term or geographic name entry element | Literature. |
| 650 #0 - SUBJECT ADDED ENTRY--TOPICAL TERM | |
| Topical term or geographic name entry element | Chinese literature. |
| 650 #7 - SUBJECT ADDED ENTRY--TOPICAL TERM | |
| Topical term or geographic name entry element | Chinese literature. |
| Source of heading or term | fast |
| Authority record control number or standard number | (OCoLC)fst00857595 |
| 650 #7 - SUBJECT ADDED ENTRY--TOPICAL TERM | |
| Topical term or geographic name entry element | Literature. |
| Source of heading or term | fast |
| Authority record control number or standard number | (OCoLC)fst00999953 |
| 776 08 - ADDITIONAL PHYSICAL FORM ENTRY | |
| Relationship information | Online version: |
| Title | Wen ji |
| Record control number | (OCoLC)589970106 |
| 776 08 - ADDITIONAL PHYSICAL FORM ENTRY | |
| Relationship information | Online version: |
| Title | Wen ji |
| Record control number | (OCoLC)613140810 |
| 880 00 - ALTERNATE GRAPHIC REPRESENTATION | |
| Linkage | 245-01/$1 |
| a | $1!BX!:X(B. |
| 880 ## - ALTERNATE GRAPHIC REPRESENTATION | |
| Linkage | 260-02/$1 |
| a | $1!58!4I(B, |
| b | $1!Kg!:e!3K!JH!Na!Qm!Q<!]f(B] |
| 880 0# - ALTERNATE GRAPHIC REPRESENTATION | |
| Linkage | 362-03/$1 |
| a | $1!Os(B1- $1!Cd(B; $1!FM!7o(B62$1!<e(B8$1!C[(B- [1973- |
| 890 ## - | |
| -- | Wen chi. (Huan yu ch'u pan she tsung ching hsiao) T'ai-pei. |
| -- | 74-897387 |
| 906 ## - LOCAL DATA ELEMENT F, LDF (RLIN) | |
| a | 0 |
| b | cbc |
| c | serials |
| d | 4 |
| e | ncip |
| f | 19 |
| g | n-oclcserc |
| 920 ## - | |
| -- | Keep 1 |
| 991 ## - | |
| -- | c-GenColl |
| -- | PN9 |
| -- | .W42 |
| -- | SERIALS |
| 992 ## - | |
| -- | Unckd Orien |
| -- | SERLOC |
| Withdrawn status | Lost status | Damaged status | Not for loan | Home library | Current library | Shelving location | Date acquired | Total checkouts | Full call number | Barcode | Date last seen | Price effective from | Koha item type |
|---|---|---|---|---|---|---|---|---|---|---|---|---|---|
| Franklin | Franklin | General stacks | 22/03/2026 | PN9 | LOC-FRL-00037 | 22/03/2026 | 22/03/2026 | Books |